15 Bands on N - Statistics

General Stats
  • This quiz has been taken 22 times
  • The average score is 4 of 15
Answer Stats
Answer % Correct
Nirvana
83%
No Doubt
61%
Nazareth
50%
New Order
50%
Nine Inch Nails
50%
New Kids on the Block
33%
NOFX
22%
Nitzer Ebb
17%
New Radicals
11%
Nightwish
11%
NSYNC
11%
Nursery Rhymes
11%
New York Dolls
6%
the National
6%
N.E.R.D
0%
No matching quizzes found
Score Distribution
Percent of People with Each Score
Percentile by Number Answered
Your Score History
You have not taken this quiz